Educação como práxis política (Record no. 63860)

MARC details
000 -LÍDER
campo de controle de tamanho fixo 00380 a2200145 4500
001 - NÚMERO DE CONTROLE
campo de controle 63860
040 ## - FONTE DA CATALOGAÇÃO
Instituição que transcreveu o registro Anchieta - Pituba
100 ## - ENTRADA PRINCIPAL--NOME PESSOAL
Nome pessoal Gutiérrez, Francisco.
240 10 - TÍTULO UNIFORME
Título uniforme Educação como práxis política
Idioma da obra por
245 10 - TÍTULO
Título Educação como práxis política
300 ## - DESCRIÇÃO FÍSICA
Extensão 125p.
362 0# - DATAS DE PUBLICAÇÃO E/OU DESIGNAÇÃO SEQUENCIAL
Datas de publicação e/ou designação sequencial 1988
650 #4 - ASSUNTO--TERMO TÓPICO
Cabeçalho tópico ou nome geográfico Política da educação pública e seus problemas
942 ## - ELEMENTOS DE ENTRADA ADICIONADOS (KOHA)
Tipo de material Koha Livros
Holdings
Situação do descarte Situação das perdas Situação física Não pode ser emprestado Biblioteca de origem Biblioteca atual Data de aquisição Total de empréstimos Número de chamada completo Código de barras Data de último acesso Data do preço efetivo Tipo de material Koha
        Colégio Anchieta - Pituba Colégio Anchieta - Pituba 21/11/2023   379 G984e GUT EDU 17458/PIT 21/11/2023 21/11/2023 Livros